000 00851nam a22002417a 4500
005 20111104120821.0
008 111104t xxu||||| |||| 00| 0 eng d
010 _aENG-104037
020 _a9788124116425
_c695.00
035 _aEN-87570
037 _bDBAD/PUB
040 _aDPL
_bEng
082 _a512.2
100 _935683
_aMittal, P.K.
245 _aA textbook of group theory /
_cby P.K. Mittal [and] Jai Dev Anand
250 _arev. ed
260 _aNew Delhi
_bHar-Anand Publications
_c2011
270 _aE-49/3, Okhla Industrial Area, Phase-II
_bNew Delhi
_e110020
300 _ax,201p.
_c22cm (Hb)
700 _935668
_aAnand, Jai Dev
942 _2ddc
_cEN
_h512.2
_mMIT
999 _c58113
_d58113